000 00388nam a2200145Ia 4500
008 220217s9999||||xx |||||||||||||| ||und||
020 _a0-07-460400-7
082 _a004.1 BAR
100 _aBartee, Thomas C.
_9692
245 0 _aDigital computer fundamentals
250 _a6th
260 _aTata mc graw hill ltd.
_bNew Delhi
_c1991
300 _b110
650 _aCOMPUTER SCIENCE
999 _c165411
_d165411